[Event "Challenge"]
[Site "http://www.queenalice.com/game.php?id=1824894"]
[Date "2023.11.9"]
[Round "-"]
[White "Taurus"]
[Black "JORAM2205"]
[Result "0-1"]
[WhiteElo "2230"]
[BlackElo "2290"]

1. e4 e6 2. d4 d5 3. e5 c5 4. c3 Nc6 5. Nf3 Bd7 6. Bf4 Rc8 7. Be2 cxd4 8. cxd4
Bb4+ 9. Nc3 Nh6 10. a3 Be7 11. O-O g5 12. Bc1 Nf5 13. Qd3 g4 14. Nd2 Ncxd4 15.
Bxg4 h5 16. Bd1 Qc7 17. Re1 h4 18. Bg4 Rg8 19. h3 Qa5 20. Nf3 Nxf3+ 21. Bxf3 d4
22. Rd1 Qxe5 23. Ne2 Bb5 24. Qd2 Bd6 25. Qf4 Qf6 26. Qd2 d3 27. Nc3 Qe5 0-1

[Event "Challenge"]
[Site "http://www.queenalice.com/game.php?id=1824898"]
[Date "2023.11.9"]
[Round "-"]
[White "JORAM2205"]
[Black "Taurus"]
[Result "1/2-1/2"]
[WhiteElo "2337"]
[BlackElo "2229"]

1. e4 e5 2. f4 d6 3. Nf3 Nc6 4. d4 exd4 5. Bb5 Nf6 6. Nxd4 Bd7 7. Nc3 Nxd4 8.
Bxd7+ Qxd7 9. Qxd4 c5 10. Qd3 Be7 11. O-O O-O 12. Be3 Rad8 13. Rad1 Qc6 14. h3
Rfe8 15. Rfe1 a6 16. f5 Nd7 17. Qd5 Ne5 18. Qxc6 Nxc6 19. Nd5 Bf8 20. Bf4 Nb4
21. Nxb4 cxb4 22. Kf2 f6 23. Rd4 a5 24. Red1 Kf7 25. Kf3 g5 26. Bxd6 Bxd6 27.
Rxd6 Rxd6 28. Rxd6 Re7 29. g4 Rc7 30. Rd2 Ke7 31. Ke3 Rc5 32. Kd3 b6 33. h4 h6
34. hxg5 hxg5 35. Ke3 Rc6 36. Rh2 Kd6 37. Kd4 Rc5 38. Rh6 Ke7 39. Rh7+ Ke8 40.
Kd3 Rc6 41. Rb7 Kd8 42. Rg7 Rd6+ 43. Ke3 Rc6 44. e5 fxe5 45. Kd3 Rd6+ 46. Ke4
Rd4+ 47. Kxe5 Rxg4 48. f6 Ke8 49. Ke6 Re4+ 50. Kf5 Re2 51. Kg6 Re6 52. Rg8+ Kd7
53. Kf5 Re2 54. f7 1/2-1/2

[Event "Challenge"]
[Site "http://www.queenalice.com/game.php?id=1826351"]
[Date "2023.12.1"]
[Round "-"]
[White "Taurus"]
[Black "jogo"]
[Result "1-0"]
[WhiteElo "2220"]
[BlackElo "2108"]

1. d4 Nf6 2. c4 g6 3. Nc3 d5 4. e4 Nxe4 5. Nxd5 c6 6. Ne3 Bg7 7. Nf3 O-O 8. Qd3
f5 9. Nd2 Nxd2 10. Bxd2 Re8 11. Bc3 Nd7 12. Rd1 1-0

[Event "Let's Play Chess!"]
[Site "http://www.queenalice.com/game.php?id=1834740"]
[Date "2024.4.12"]
[Round "-"]
[White "Mlintz"]
[Black "Taurus"]
[Result "0-1"]
[WhiteElo "2040"]
[BlackElo "2232"]

1. e4 e5 2. Nf3 Nc6 3. Bb5 a6 4. Ba4 Nf6 5. O-O d6 6. Bxc6+ bxc6 7. d3 h6 8. h3
Be7 9. Nc3 O-O 10. Nh2 d5 11. exd5 cxd5 12. b3 Bb7 13. Nf3 Bd6 14. Re1 Re8 15.
Bb2 c5 16. Rb1 Qc7 17. Na4 Rad8 18. Qc1 d4 19. Qd1 Nd5 20. Nd2 Nf4 21. Ne4 Re6
22. Kh1 Rg6 23. Rg1 Qd7 24. Qf3 f5 25. Ba3 fxe4 26. dxe4 Qc8 27. Nb6 Qc6 28. Nd5
Rf8 29. b4 c4 30. b5 axb5 31. Bxd6 Qxd6 32. Rxb5 Nxd5 33. Rxb7 Rxf3 0-1

[Event "Let's Play Chess!"]
[Site "http://www.queenalice.com/game.php?id=1834743"]
[Date "2024.4.12"]
[Round "-"]
[White "Taurus"]
[Black "Mlintz"]
[Result "1-0"]
[WhiteElo "2246"]
[BlackElo "1814"]

1. d4 e6 2. Nf3 d5 3. Bf4 Bd6 4. Qd2 Nf6 5. c4 dxc4 6. Nc3 a6 7. e4 Bxf4 8. Qxf4
b5 9. Rd1 Bb7 10. e5 Nd5 11. Nxd5 Bxd5 12. Be2 Nc6 13. O-O h6 14. a3 Na5 15. Nd2
Nc6 16. Bh5 O-O 17. Rfe1 Ne7 18. Re3 Nf5 19. Rh3 f6 20. exf6 Rxf6 21. Ne4 Bxe4
22. Qxe4 Nd6 23. Qe5 Kf8 24. Re1 Nf5 25. Bf3 Rb8 26. d5 Rb6 27. dxe6 Rbxe6 28.
Qc5+ Qe7 29. Qxe7+ Nxe7 30. Rd1 Rd6 31. Kf1 g5 32. Be2 Rxd1+ 33. Bxd1 Nd5 34.
Rg3 Kf7 35. Rf3 Nf4 36. Re3 Nd3 37. Bh5+ Kf8 38. Re8+ Kg7 39. Re7+ Kg8 40. Re8+
Rf8 41. Rxf8+ Kxf8 42. Bg6 Nxb2 43. Ke2 Ke7 44. Kd2 a5 45. Kc2 Na4 46. Be4 Kd6
47. g3 Nc5 48. Bg6 c6 49. f4 gxf4 50. gxf4 Ke6 51. Be8 Kd6 52. Kc3 Ne4+ 53. Kd4
c3 54. Kd3 c5 55. Bxb5 Kc7 56. Kc2 Kd6 57. Bd3 Kd5 58. f5 Nf6 59. Kxc3 h5 60. h4
Nd7 61. Kb3 Nb6 62. Be2 c4+ 63. Kc3 Ke5 64. Bxh5 Kxf5 65. Bf7 Kf6 66. Bxc4 Na4+
67. Kd4 Kf5 68. h5 Nb6 69. Bf7 Kf6 70. Bg6 Kg5 71. Kc5 Na4+ 72. Kb5 Nb6 73. Kxb6
1-0

[Event "Let's Play Chess!"]
[Site "http://www.queenalice.com/game.php?id=1838111"]
[Date "2024.6.7"]
[Round "-"]
[White "Mlintz"]
[Black "Taurus"]
[Result "0-1"]
[WhiteElo "1916"]
[BlackElo "2238"]

1. e4 e5 2. Nf3 Nc6 3. c3 Nf6 4. d3 d5 5. exd5 Nxd5 6. b3 Bg4 7. Be2 Bd6 8. Bb2
O-O 9. O-O Re8 10. Nbd2 Nf4 11. Nc4 Bc5 12. a4 Qe7 13. b4 Bd6 14. b5 Nd8 15. Ne3
Bd7 16. Re1 c6 17. c4 Bb4 18. Rf1 f6 19. Nc2 Bf5 20. Ba3 Bxa3 21. Nxa3 Nde6 22.
Qd2 Rad8 23. Rfd1 Nxd3 24. Qc3 Nef4 25. Bf1 Qc5 26. Rd2 e4 27. Nc2 exf3 28. g3
Nd5 29. Qb3 N5b4 30. Rad1 Nxf2 0-1

[Event "Challenge"]
[Site "http://www.queenalice.com/game.php?id=1838541"]
[Date "2024.6.13"]
[Round "-"]
[White "jogo"]
[Black "Taurus"]
[Result "0-1"]
[WhiteElo "1677"]
[BlackElo "2242"]

1. e4 e5 2. d4 exd4 3. Qxd4 Nc6 4. Qe3 Nf6 5. Nc3 Bb4 6. Bd2 d6 7. O-O-O Be6 8.
a3 Bc5 9. Qg3 O-O 10. Bh6 Nh5 11. Qg5 Qxg5+ 12. Bxg5 Bxf2 13. Nf3 h6 14. Bd2 a6
15. Be1 Be3+ 16. Bd2 Bb6 17. Kb1 Nf6 18. h3 Rfe8 19. Bd3 Rad8 20. g4 Ne7 21.
Rhe1 c5 22. e5 dxe5 23. Nxe5 Bc7 0-1

[Event "Challenge"]
[Site "http://www.queenalice.com/game.php?id=1838542"]
[Date "2024.6.13"]
[Round "-"]
[White "Taurus"]
[Black "jogo"]
[Result "1-0"]
[WhiteElo "2241"]
[BlackElo "1679"]

1. d4 Nf6 2. c4 g6 3. Nc3 d5 4. Nf3 Bg7 5. Bf4 Nh5 6. Bg5 h6 7. Bd2 Nf6 8. e3
O-O 9. g3 Bg4 10. Bg2 c6 11. cxd5 Nxd5 12. O-O Re8 13. Qb3 Nxc3 14. Bxc3 Qd7 15.
Rad1 a5 16. e4 a4 17. Qc2 Na6 18. Rfe1 b5 19. d5 Bxc3 20. Qxc3 Rec8 21. dxc6
Qxc6 22. Qxc6 1-0

[Event "Challenge"]
[Site "http://www.queenalice.com/game.php?id=1840306"]
[Date "2024.7.16"]
[Round "-"]
[White "jogo"]
[Black "Taurus"]
[Result "0-1"]
[WhiteElo "1785"]
[BlackElo "2244"]

1. e4 e5 2. d4 exd4 3. Qxd4 Nc6 4. Qe3 Nf6 5. Bd2 Be7 6. c4 O-O 7. Nc3 d6 8.
O-O-O Be6 9. h3 Ne5 10. b3 c5 11. f4 Nc6 12. g4 a6 13. f5 Bd7 14. g5 Ne8 15. Nd5
f6 16. gxf6 Nxf6 17. Nxf6+ Bxf6 18. Nf3 a5 0-1

[Event "Challenge"]
[Site "http://www.queenalice.com/game.php?id=1840307"]
[Date "2024.7.16"]
[Round "-"]
[White "Taurus"]
[Black "jogo"]
[Result "1-0"]
[WhiteElo "2243"]
[BlackElo "1778"]

1. d4 Nf6 2. c4 g6 3. Nf3 Bg7 4. Bf4 O-O 5. Nc3 c6 6. e4 d5 7. cxd5 cxd5 8. e5
Nh5 9. Be3 Bh8 10. Be2 Ng7 11. Qb3 e6 12. Bg5 Qb6 13. Qc2 Nc6 14. Rd1 Nb4 15.
Qd2 Bd7 16. a3 Nc6 17. O-O 1-0

[Event "Challenge"]
[Site "http://www.queenalice.com/game.php?id=1842051"]
[Date "2024.8.17"]
[Round "-"]
[White "jogo"]
[Black "Taurus"]
[Result "0-1"]
[WhiteElo "1783"]
[BlackElo "2245"]

1. e4 e5 2. d4 exd4 3. Qxd4 Nc6 4. Qe3 b6 5. Qg3 Bb7 6. c4 d6 7. Bd2 Qe7 8. Nc3
Nd4 9. Bd3 Nf6 10. O-O-O O-O-O 11. Qe3 Ne6 12. h3 g6 13. f3 Bg7 14. g4 Rhe8 0-1

[Event "Let's Play Chess!"]
[Site "http://www.queenalice.com/game.php?id=1846334"]
[Date "2024.10.30"]
[Round "-"]
[White "Taurus"]
[Black "Mlintz"]
[Result "1-0"]
[WhiteElo "2247"]
[BlackElo "1850"]

1. d4 e6 2. c4 c5 3. e3 d5 4. Nf3 Nf6 5. Nc3 Be7 6. b3 b6 7. Bd3 Nc6 8. Bb2 cxd4
9. exd4 a6 10. O-O Bb7 11. Re1 O-O 12. Rc1 Nb4 13. Bb1 Nd7 14. a3 Nc6 15. cxd5
exd5 16. Nxd5 Re8 17. Qd3 g6 18. Nxe7+ Rxe7 19. d5 Rxe1+ 20. Rxe1 Na7 21. Qd4 f6
22. Ng5 Nc5 23. d6 Nxb3 24. Qc4+ Kg7 25. Ne6+ 1-0

[Event "Challenge"]
[Site "http://www.queenalice.com/game.php?id=1846421"]
[Date "2024.10.30"]
[Round "-"]
[White "Mlintz"]
[Black "Taurus"]
[Result "0-1"]
[WhiteElo "1848"]
[BlackElo "2248"]

1. e4 e5 2. Nf3 Nc6 3. Bc4 Nf6 4. O-O Bc5 5. d3 h6 6. c3 O-O 7. a4 a6 8. b4 Bb6
9. Ba2 d6 10. h3 Bd7 11. Re1 Re8 12. Be3 Bxe3 13. Rxe3 b5 14. a5 Ne7 15. Nh2 Ng6
16. Qf3 Nh4 17. Qd1 c5 18. Rg3 Be6 19. Qc1 Kh8 20. Bxe6 Rxe6 21. f4 Nh5 22. Rxg7
Kxg7 23. f5 Re8 24. Ng4 Qg5 25. Qf1 Rg8 26. Nd2 Qxd2 27. f6+ Kh7 28. g3 Nxg3 0-1

[Event "Challenge"]
[Site "http://www.queenalice.com/game.php?id=1847605"]
[Date "2024.11.22"]
[Round "-"]
[White "Kryptus"]
[Black "Taurus"]
[Result "0-1"]
[WhiteElo "1230"]
[BlackElo "2249"]

1. e4 e5 2. Nf3 Nc6 3. Nc3 a6 4. d4 d6 5. d5 Nce7 6. Bg5 h6 7. Bh4 g5 8. Bg3 f5
9. Bc4 f4 10. Bxf4 gxf4 11. Qd2 Bg4 12. h3 Bh5 13. O-O-O Nf6 14. a4 Qd7 15. b4
Nc8 16. b5 axb5 17. Bxb5 c6 18. dxc6 bxc6 19. g4 fxg3 20. fxg3 Bxf3 21. Qf2 cxb5
22. Qxf3 Qe6 23. Rhf1 Ke7 24. Nd5+ Nxd5 25. Rxd5 bxa4 26. Qa3 Bg7 27. Qb4 Qd7
28. g4 Ra7 29. Rf5 Kd8 30. Rb5 a3 31. Kb1 Rf8 32. Rb8 Rxf5 33. gxf5 Qc7 34. Rb5
a2+ 35. Ka1 Qxc2 36. Qe1 Bf6 37. h4 Kd7 38. Rb8 Bxh4 39. Qg1 Qc3+ 40. Rb2 Qe1+
41. Qxe1 Bxe1 42. Rxa2 Rxa2+ 43. Kxa2 h5 44. f6 Ke6 45. f7 Kxf7 0-1

[Event "Let's Play Chess!"]
[Site "http://www.queenalice.com/game.php?id=1848085"]
[Date "2024.12.4"]
[Round "-"]
[White "Mlintz"]
[Black "Taurus"]
[Result "1-0"]
[WhiteElo "1969"]
[BlackElo "2253"]

1. d4 d5 2. c4 Nf6 3. Nc3 Bf5 4. e3 a6 5. Be2 e6 6. Nf3 Be7 7. O-O O-O 8. cxd5
exd5 9. h3 Nc6 10. a3 Re8 11. Bd2 Qd7 12. Nh2 Nd8 13. Bg4 Nxg4 14. Nxg4 Nc6 15.
f3 Rad8 16. Re1 Bh4 17. Nf2 Re6 18. Rf1 Bd3 19. Ne2 Bg6 20. Nf4 Rd6 21. b4 Ne7
22. N2d3 b6 23. Be1 Bxe1 24. Rxe1 Bf5 25. Rc1 Ng6 26. Nxg6 fxg6 27. Ne5 Qe8 28.
Rxc7 Rc8 29. Qc1 Qd8 30. Rxc8 Bxc8 31. Qc3 Be6 32. Rc1 Qg5 33. f4 Qf6 34. Qc7
Qf8 35. Rc6 Rxc6 36. Nxc6 Bc8 37. Ne7+ 1-0

[Event "Let's Play Chess!"]
[Site "http://www.queenalice.com/game.php?id=1848208"]
[Date "2024.12.4"]
[Round "-"]
[White "Charles56"]
[Black "Taurus"]
[Result "0-1"]
[WhiteElo "1701"]
[BlackElo "2250"]

1. Nc3 e5 2. e4 Nf6 3. d3 h6 4. a3 Nc6 5. Be3 Be7 6. g3 O-O 7. Bh3 b6 8. f4 exf4
9. gxf4 Bb7 10. Qf3 Nh7 11. Nge2 d6 12. Nd4 Bh4+ 13. Kd2 Na5 14. Bf2 Bf6 15.
Rag1 Kh8 16. Rg3 Nc6 17. Nf5 Ne7 18. Nxe7 Qxe7 19. Rhg1 c6 20. Qg2 Rg8 21. Re1
a5 22. Bxb6 Bh4 23. Bf2 Bxg3 24. Qxg3 Bc8 25. e5 Bxh3 26. Qxh3 dxe5 27. Rxe5 Qf6
28. Qe3 Qd8 29. Na4 Rb8 30. Qc5 Rb5 31. Qe3 Rxe5 32. fxe5 Re8 33. Bg3 Ng5 34. d4
f6 35. h4 Nf7 36. Kc1 fxe5 37. dxe5 Qd5 38. Nc3 Qe6 39. Qc5 Qh3 40. Ne2 Rd8 41.
Qf2 Qh1+ 42. Qe1 Qe4 43. Qf2 Nxe5 44. Nc3 Qh1+ 0-1

[Event "Let's Play Chess!"]
[Site "http://www.queenalice.com/game.php?id=1849096"]
[Date "2024.12.21"]
[Round "-"]
[White "Winslow"]
[Black "Taurus"]
[Result "0-1"]
[WhiteElo "1706"]
[BlackElo "2252"]

1. e4 e5 2. Nf3 Nc6 3. Bc4 Nf6 4. Nc3 Bc5 5. Ng5 O-O 6. O-O h6 7. Nf3 d6 8. d3
Bg4 9. h3 Bh5 10. g4 Bg6 11. Be3 Bxe3 12. fxe3 Na5 13. b4 Nxc4 14. dxc4 Nxe4 15.
Nxe4 Bxe4 16. c3 Qe7 17. c5 dxc5 18. bxc5 Qxc5 19. Qd2 Rad8 20. Qc1 Rd3 21. Kf2
Rxc3 22. Qd2 Rc2 23. Rac1 Rxd2+ 24. Nxd2 Qb4 25. Nxe4 Qxe4 26. Rfd1 Qa4 27. Ra1
Qc2+ 28. Kg3 Qe4 29. Re1 f5 30. gxf5 Rxf5 31. Kh2 Rf2+ 32. Kg3 Rg2# 0-1

[Event "Let's Play Chess!"]
[Site "http://www.queenalice.com/game.php?id=1849097"]
[Date "2024.12.21"]
[Round "-"]
[White "Taurus"]
[Black "Winslow"]
[Result "1-0"]
[WhiteElo "2251"]
[BlackElo "1737"]

1. d4 d6 2. c4 g6 3. e4 Bg7 4. Nc3 Nf6 5. h3 O-O 6. f4 c5 7. Nf3 b6 8. d5 e6 9.
Bd3 Ba6 10. b3 h6 11. Qd2 Re8 12. O-O e5 13. fxe5 dxe5 14. Qf2 Qd6 15. Qh4 h5
16. Bg5 Nbd7 17. Rf2 Rad8 18. Nd2 Kh7 19. Raf1 Rf8 20. Be2 Rh8 21. Bxf6 Bxf6 22.
Rxf6 Nxf6 23. Rxf6 Qe7 24. Bxh5 Qxf6 25. Qxf6 gxh5 26. Qxf7+ Kh6 27. Qf6+ Kh7
28. Nf3 Rdf8 29. Ng5+ Kg8 30. Qg6# 1-0